Logo BPK

Biblioteka

Politechniki Koszalińskiej

Organizacja kolejowych przewozów towarowych / (Rekord nr 16311)

Szczegóły MARC
000 -ETYKIETA REKORDU
podpole kontrolne o stałej długości 00567nam a2200169 i 4500
001 - NUMER KONTROLNY REKORDU
pole kontrolne bg
040 ## - ŹRÓDŁO KATALOGOWANIA
Instytucja, która utworzyła rekord BPK
041 ## - KOD JĘZYKA
Kod języka tekstu pol
008 - POLE O STAŁEJ DŁUGOŚCI - DANE KONTROLNE
podpole kontrolne o stałej długości s pl f |000 0 pol
100 1# - NAZWA OSOBOWA
Nazwa osobowa PERYKUSZA, Edward
245 #0 - TYTUŁ/ODPOWIEDZIALNOŚĆ
Tytuł Organizacja kolejowych przewozów towarowych /
Pozostałe elementy strefy tytułu i oznaczenia odpowiedzialności Edward Perykusza, Bogdan Cyanel ; Politechnika Krakowska.
260 ## - STREFA ADRESU WYDAWNICZEGO
Miejsce wydania Kraków :
Nazwa wydawcy/dystrybutora PK,
Data publikacji, dystrybucji/powstania dokumentu 1975.
521 ## - UWAGA DOTYCZĄCA PRZEZNACZENIA CZYTELNICZEGO
Przeznaczenie czytelnicze Skrypt dla studentów wyższych szkół technicznych do przedmiotu Organizacja procesów transportowych.
700 1# - HASŁO DODATKOWE - NAZWA OSOBOWA
Nazwa osobowa CYANEL, Bogdan
710 ## - HASŁO DODATKOWE - NAZWA CIAŁA ZBIOROWEGO
Nazwa ciała zbiorowego lub jednostki geograficznej Politechnika Krakowska
856 ## - LOKALIZACJA I DOSTĘP DO ELEKTRONICZNYCH DOKUMENTÓW ZDALNYCH
Link (URL) http://koha.tu.koszalin.pl/cgi-bin/koha/opac-detail.pl?biblionumber=16311
Tekst linku Katalog online BPK
942 ## - DODATKOWE ELEMENTY (KOHA)
Typ dokumentu Książka
Egzemplarze
Wycofany Status egzemplarza Uszkodzony Dostępność Lokalizacja stała Lokalizacja bieżąca Miejsce przechowywania Sygnatura Kod kreskowy Typ dokumentu
      Dostępny Biblioteka Politechniki Koszalińskiej Biblioteka Politechniki Koszalińskiej Wypożyczalnia BG 19968 01708868 Książka
      Dostępny Biblioteka Politechniki Koszalińskiej Biblioteka Politechniki Koszalińskiej Wypożyczalnia BG 19969 01708875 Książka
© 2023 Biblioteka Politechniki Koszalińskiej :: KOHA